TEXTBOOK OF MEDICINAL CHEMISTRY (Record no. 6145)

MARC details
000 -LEADER
fixed length control field 00420nam a22001697a 4500
005 - DATE AND TIME OF LATEST TRANSACTION
control field 20210826140350.0
008 - FIXED-LENGTH DATA ELEMENTS--GENERAL INFORMATION
fixed length control field 200318b xxu||||| |||| 00| 0 eng d
020 ## - INTERNATIONAL STANDARD BOOK NUMBER
ISBN 9788123923598
041 ## - LANGUAGE CODE
Language code of text/sound track or separate title eng
100 ## - MAIN ENTRY--AUTHOR NAME
Personal name NOOIVJ, MALLESHAPPAN
245 ## - TITLE STATEMENT
Title TEXTBOOK OF MEDICINAL CHEMISTRY
250 ## - EDITION STATEMENT
Edition statement 1st, ed. 2014
260 ## - PUBLICATION, DISTRIBUTION, ETC. (IMPRINT)
Place of publication NEW DELHI
Name of publisher CBS
Year of publication 2019
300 ## - PHYSICAL DESCRIPTION
Number of Pages 955;p VIII
650 ## - SUBJECT ADDED ENTRY--TOPICAL TERM
Topical Term PHARMACY
942 ## - ADDED ENTRY ELEMENTS (KOHA)
Koha item type Books
Holdings
Lost status Damaged status Collection code Home library Current library Shelving location Date acquired Source of acquisition Cost, normal purchase price Accession Number Koha item type
    PHARMACY JRU Library JRU Library SHELF-18-C 18/03/2020 PURCHESS 695.00 23845 Books